000 01042nam a2200229 a 4500
008 071019s1998 ||||||||||||||||| || u
020 _a0821342096
050 _aIBRD(06)LR/1998/6
100 _aBigio, Anthony G
245 1 0 _aSocial funds and reaching the poor: experiences and future directions
_cedited by Anthony G. Bigio
246 _athe Latin American experience
260 _aWashington, D.C.:
_bWorld Bank
_c1998
300 _avii, 247p.
350 _a0.00
490 _aEDI Learning Resources
650 _aECONOMIC DEVELOPMENT PROJECTS--CITIZEN PARTICIPATION--CONGRESSES
650 0 _aAFRICA--ECONOMIC CONDITIONS
650 _aCOMMUNITY DEVELOPMENT--CONGRESSES
710 _aWorld Bank
995 _aSPECIAL COLLECTIONS
_D0.00
_e027890
_FCBU-MAIN LIBRARY (Kitwe)
_H1
_I0.00
_jIBRD(06)LR/1998/6B
_M2
_UAVAILABLE
_WOct 26, 2007
_y027890
_ZInternational Publications
995 _aSPECIAL COLLECTIONS
_D0.00
_e023611
_FCBU-MAIN LIBRARY (Kitwe)
_H1
_I0.00
_jIBRD(06)LR/1998/6A
_M1
_UAVAILABLE
_WOct 19, 2007
_y023611
_ZInternational Publications
999 _c76576
_d76576